| 000 | 01753nam a2200421 i 4500 | ||
|---|---|---|---|
| 001 | 13413 | ||
| 003 | KOSZ 005 | ||
| 005 | 20201126125907.0 | ||
| 008 | 080619s1964 pl a f 001 0 pol | ||
| 015 | _aPB 1964/2958 | ||
| 035 | _a(OCoLC)76298457 | ||
| 040 |
_aWA N _cWA N _dKOSZ 005/KK |
||
| 041 | 1 |
_apol _heng |
|
| 080 | _a541:543:66 | ||
| 100 | 1 |
_aWaterman, Hein Israël _d(1889-?). _eAutor. |
|
| 245 | 1 | 0 |
_aWielkości fizyczne a budowa chemiczna : _bgraficzne metody statystyczne charakteryzowania olejów naftowych i tłuszczowych, szkła, silikonów i katalizatorów oraz ich zastosowania praktyczne / _cH. I. Waterman ; przy współpr. C. Boelhouwera i J. Cornelissena ; [z angielskiego przełożył Zbigniew Leszczyński]. |
| 246 | 1 |
_iTytuł oryginału: _aCorrelation between physical constants and chemical structure. |
|
| 260 |
_aWarszawa : _bPaństwowe Wydawnictwo Naukowe, _c1964. |
||
| 300 |
_a153, [2] strony : _bilustracje ; _c23 cm. |
||
| 336 |
_2rdacontent _aTekst _btxt |
||
| 337 |
_2rdamedia _aBez urządzenia pośredniczącego _bn |
||
| 338 |
_2rdacarrier _aWolumin _bnc |
||
| 380 | _aKsiążki. | ||
| 504 | _aBibliografia na stronach 142-145. Indeks. | ||
| 650 | 4 | _aSzkło | |
| 650 | 4 | _aWęglowodory | |
| 658 | _aInżynieria i technika | ||
| 658 | _aFizyka i astronomia | ||
| 658 | _aChemia | ||
| 650 | 4 | _aTechnologia chemiczna | |
| 650 | 4 | _aOleje | |
| 700 | 1 | _aBoelhouwer, C. | |
| 700 | 1 | _aCornelissen, J. | |
| 700 | 1 |
_aLeszczyński, Zbigniew _c(chemia). _eTłumaczenie |
|
| 710 |
_aPaństwowe Wydawnictwo Naukowe _4pbl. |
||
| 856 |
_uhttp://koha.tu.koszalin.pl/cgi-bin/koha/opac-detail.pl?biblionumber=13413 _yKatalog online BPK |
||
| 942 |
_2UKD _cKS |
||
| 999 |
_c13413 _d13413 |
||